| 000 | 00484nam a22001817a 4500 | ||
|---|---|---|---|
| 005 | 20210305121458.0 | ||
| 008 | 210303b xxu||||| |||| 00| 0 spa d | ||
| 041 | _aspa | ||
| 082 | _aTU 136 | ||
| 100 |
_aMocoa Sánchez, Geneva _959894 |
||
| 245 | _aInforme de práctica supervisada realizada en Interjet | ||
| 260 | _c2018 | ||
| 300 | _a26 páginas | ||
| 650 |
_aCOSTA RICA _959895 |
||
| 650 |
_aAEROLINA INTERJET _959876 |
||
| 650 |
_aDESARROLLO OPERATIVO _959823 |
||
| 942 | _cIP | ||
| 999 |
_c12952 _d12952 |
||